Statistics for Druhá největší města států Evropy

Click here to take the quiz!

General Stats

  • This quiz has been taken 64 times
  • The average score is 19 of 48

Answer Stats

StátPočet obyvatelMěsto% Correct
Česko379 466Brno
100%
Slovensko226 212Košice
89%
Španělsko1 664 182Barcelona
85%
Itálie1 366 180Milán
85%
Rusko5 384 342Petrohrad
83%
Turecko5 503 985Ankara
77%
Francie870 321Marseille
77%
Polsko800 653Krakov
72%
Portugalsko240 000Porto
72%
Německo1 853 935Hamburk
70%
Švýcarsko201 818Ženeva
64%
Nizozemsko592 105Rotterdam
60%
Rakousko289 440Štýrský Hradec
58%
Spojené království1 137 100Birmingham
57%
Norsko272 520Bergen
53%
Chorvatsko178 102Split
53%
Švédsko573 852Göteborg
51%
Řecko315 196Soluň
51%
Ukrajina1 421 125Charkov
49%
Slovinsko96 211Maribor
43%
Irsko125 622Cork
40%
Belgie265 086Gent
40%
Dánsko273 077Aarhus
38%
Maďarsko200 974Debrecín
38%
Lichtenštejnsko5 700Vaduz
36%
Litva304 012Kaunas
34%
Bulharsko343 424Plovdiv
34%
Estonsko91 407Tartu
34%
Moldavsko133 807Tiraspol
32%
Srbsko389 245Novi Sad
30%
Albánie113 249Drač
28%
Bosna a Hercegovina199 191Banja Luka
25%
Lotyšsko91 913Daugavpils
25%
Kypr235 056Lemesos
23%
Finsko272 193Espoo
21%
Bělorusko526 872Homel
21%
Černá Hora58 212Nikšić
13%
Malta24 356Birkirkara
9%
Severní Makedonie74 550Bitola
9%
Lucembursko33 286Esch-sur-Alzette
9%
Gruzie147 635Kutaisi
9%
Andorra16 078Les Escaldes
9%
Rumunsko362 142Jasy
8%
Ázerbájdžán330 744Gjandža
6%
Island28 561Kópavogur
2%
San Marino6284Borgo Maggiore
0%
Arménie116 800Gjumri
0%
Kazachstán1 098 000Šymkent
0%

Score Distribution

Percentile by Number Answered

Percent of People with Each Score

Your Score History

You have not taken this quiz